| 000 | 00580nam a22002057a 4500 | ||
|---|---|---|---|
| 005 | 20251108170752.0 | ||
| 008 | 250721s2001 xx 000 0 ara d | ||
| 082 | 1 | 4 | _aم/213.103/حرش |
| 100 | 1 | _aالحرش، سليمان | |
| 245 | 1 | 0 | _aمعجم مصطلحات الحديث / |
| 250 | _aط2 | ||
| 264 | 1 |
_aالرياض : _bدار العبيكان، _c2001. |
|
| 300 | _a208ص | ||
| 650 | 1 | 7 | _aالحديث الشريف |
| 650 | 1 | 7 | _aعلم المصطلح |
| 650 | 1 | 7 | _aعلم المعاجم |
| 700 | 1 | _aالجمل، حسين | |
| 942 |
_2ddc _cREF |
||
| 999 |
_c48544 _d48544 |
||